| 000 | 00933cam a22003137a 4500 | ||
|---|---|---|---|
| 008 | |||
| 020 | _a9780340812402 (hbk.) | ||
| 049 | _aMAIN | ||
| 090 |
_aRB140 _bGRO |
||
| 245 | 0 | 0 |
_aGrowth disorders / _cChristopher J. H. Kelnar ... [et al.]. |
| 250 | _a2nd ed. | ||
| 260 |
_aLondon : _bHodder Arnold, _c2007. |
||
| 300 |
_axxi, 697 p., [8] p. of plates : _bill. ; _c28 cm. |
||
| 500 | _aIncludes index. | ||
| 504 | _aIncludes bibliographical references. | ||
| 650 | 1 | 2 | _aGrowth Disorders. |
| 650 | 0 | _aGrowth disorders. | |
| 650 | 0 |
_aGrowth disorders _xPathophysiology. |
|
| 650 | 0 |
_aGrowth disorders _xTreatment. |
|
| 700 | 1 | _aKelnar, C. J. H. | |
| 700 | _aSavage, Martin O. | ||
| 700 | _aSaenger, Paul. | ||
| 700 | _aCowell, Chris T. | ||
| 907 |
_a.b10354141 _b29-01-15 _c27-01-15 |
||
| 003 | |||
| 005 | 20230120204146.0 | ||
| 040 | _cNUST | ||
| 942 |
_cBOOKS _kRB140 _mGRO |
||
| 999 |
_c118186 _d118186 |
||